000 00647nam a2200241Ia 4500
003 OSt
005 20221005131422.0
006 a|||||r|||| 00| 0
007 ta
008 221004b |||||||| |||| 00| 0 eng d
024 _a72009
037 _cTextual
040 _aCRL
_cCRL
_beng
041 _2eng
_aeng
082 _aV4498:2.N9, N8
100 _aPerera Nihal
_914310
245 0 _aSociety and space
_b Colonialism, Nationalism and postcolonial identity in Sri Lanka
260 _c1998
300 _a217p.
_ccm.
650 _aHISTORY
942 _hV4498:2.N9, N8
_cTEXL
_2cc
999 _c1060293
_d1060293